Vista normal Vista MARC

Entrada Materia (personas)

Número de registros utilizados en: 1

001 - CONTROL NUMBER

  • control field: 58621

003 - CONTROL NUMBER IDENTIFIER

  • control field: Co-BoUCM

005 - DATE AND TIME OF LATEST TRANSACTION

  • control field: 20140321095329.0

008 - FIXED-LENGTH DATA ELEMENTS

  • fixed length control field: 140321|| aca||aabn | a|a d

040 ## - CATALOGING SOURCE

  • Original cataloging agency: Co-BoUCM
  • Transcribing agency: Co-BoUCM

100 ## - HEADING--PERSONAL NAME

  • Personal name: Peterson, James A.
  • Dates associated with a name: 1943-

670 ## - SOURCE DATA FOUND

  • Source citation: Work cat.: (Co-BoUCM)36919: American College of Sports Medicine 32390, ACSM's health/fitness facility standards and guidelines, 2012